| 000 | 00502nam a2200193 a 4500 | ||
|---|---|---|---|
| 001 | 1769942616212 | ||
| 003 | YourLibrary | ||
| 005 | 20260201163956.0 | ||
| 008 | 260201s2001##################000#0#eng## | ||
| 020 | _a9780803973473 | ||
| 082 | 0 | 4 |
_a305.260973 _bEST |
| 100 | 1 |
_aEstes, Carroll L., _eauthor. |
|
| 245 | 1 | 0 | _aSocial Policy and Aging : |
| 260 |
_bSAGE, _c2001. |
||
| 300 | _a307 pages | ||
| 650 | 0 | _aFamily & Relationships. | |
| 942 | _cENGLISH | ||
| 040 |
_aYourLibrary _beng _cYourLibrary |
||
| 999 |
_c609864 _d609864 |
||